1836 1133 1561 1882 1813 1055 1881 1862 1641 1428 1748 1152 1967 1367 1199 1597 1861 1650 1664 1332 1830 1138 1045 1060 1186 1734 1555 1724 1167 1240 1441 1402 1568 1722 1584 1708 1441 1122 1847 1173 1673 1968 1794 1750 1782 1327 1827 1525 1781 1627 1301 1778 1180 1229 1083 1059 1309 1985 1718 1063 1724 1723 1119 1946 1494 1265 1908 1538 1943 1114 1170 1784 1200 1583 1503 1418 1035 1778 1387 1055 1296 1677 1363 1291 1982 1332 1580 1632 1885 1699 1860 1614 1256 1050 1115 1525 1426 1615 1416 BCNSPRNW ULIB Ver.6.0+V

เปลี่ยนเป็นภาษาไทย

Change to English
 แสดงรายละเอียดบรรณานุกรม
  กลับหน้าหลัก

Brief Record : Get Marc (ISO 2709) : E-mail record : QR code < ปิดหน้าต่าง
LEADER : 00000nam 2200000uu 4500
001    13399121798
003     ULIB
008    121207s2551||||th 000 0 tha d
020    ^a9789741149492
060  4 ^aWQ209^bจ394ค
245 00 ^aคลื่นเสียงความถี่สูงทางสูติศาสตร์และนรีเวชวิทยา /^cจิตเกษม สุวรรณรัฐ,บรรณาธิการ.
250    ^aพิมพ์ครั้งที่1.
260    ^aสงขลา :^bชานเมืองการพิมพ์,^c2551.
300    ^a167 หน้า :^bภาพประกอบ ;^c26 ซม.
650  2 ^aPregnancy Complications.
650  2 ^aUltrasonography, Prenetal.
700 0  ^aจิตเกษม สุวรรณรัฐ,^eบรรณาธิการ.
710 2  ^aมหาวิทยาลัยสงขลานครินทร์.^bคณะแพทยศาสตร์.^bภาควิชาสูติศาสตร์และนรีเวชวิทยา.^bหน่วยเวชศาสตร์มารดาและทารกในครรภ์.
945    ^p320^l0^i15186
995    ^aทศพร
999    ^aทศพร เกษรทอง
รายการนี้ยังไม่มีแท็ก
คุณยังไม่ได้ล็อกอิน คุณสามารถมีกิจกรรมร่วมกับเว็บไซต์ได้ แต่ต้องล็อกอินก่อน ::
  ล็อกอิน

รายการสื่อสารสนเทศ

ลำดับที่ ประเภท เลขเรียก/บาร์โค้ด สถานที่ สถานะ
1. วิทยาศาสตร์การแพทย์ และสุขภาพ
วิทยาศาสตร์การแพทย์ และสุขภาพ
WQ209 จ394ค ฉ.1 
  Barcode: 15186
ห้องสมุดวิทยาเขตสวรรค์ประชารักษ์
►ส่วนจัดเก็บหนังสือเก่า สปร
บนชั้น
  ขอยืม

รายการใกล้เคียง
    หัวเรื่อง [Pregnancy Complications.]
    หัวเรื่อง [Ultrasonography, Prenetal.]

BibComment


ยังไม่เคยถูกคอมเมนท์

คอมเมนท์ทรัพยากรรายการนี้
  คอมเมนท์: คลื่นเสียงความถี..


 Copyright 2026. Bcnsprnw @Library